000 00458nam a2200169 i 4500
001 61851
003 ES-MaACL
005 20230906164545.0
007 t|
008 031114s1962 sp ||||1| spa d
100 1 _aFatone, Vicente.
_948931
245 1 0 _aIntroducción al existencialismo /
_cVicente Fatone.
250 _a4ª ed.
260 _a[S.l. :
_bColumba,
_c1962]
300 _a63 p. :
_bret. aut. ;
_c18 cm.
852 _aES-MaACL
_jC-19797
_bR.51117
999 _c61851
_d61851